Project Management : manual de gestión de proyectos para arquitectos, ingenieros e interioristas /

Contenido: El director de proyectos eficaz; La planificación del proyecto; La elaboración del calendario del proyecto; Cómo determinar el presupuesto del proyecto; El seguimiento y control de programas y presupuestos; La planificación de los recursos humanos y de la dotación de personal; Cómo dirigi...

Fuld beskrivelse

Guardado en:
Bibliografiske detaljer
Hovedforfatter: Burstein, David (autor)
Andre forfattere: Stasiowksi, Frank (autor) (autor), Ruano, Miguel (prólogo) (prólogo)
Format: Bog
Sprog:spansk
Udgivet: Barcelona, España : Gustavo Gili, 2002, c1997
Udgivelse:2a edición
Fag:
Tags: Tilføj Tag
Ingen Tags, Vær først til at tagge denne postø!

MARC

LEADER 00000nam^a2200000^a^4500
001 000178306
005 20250521000000.0
009 20260310101746.077
020 |a 84-252-1701-6 
037 |a Acervo ITESO - Biblioteca 
041 |a ESP 
082 |a 624. 0685  |b BUR 
100 |a Burstein, David  |e (autor) 
245 1 0 |a Project Management :  |b manual de gestión de proyectos para arquitectos, ingenieros e interioristas /  |c D. Burstein, F. Stasiowski ; pról. de M. Ruano, Charles I. Homan ; tr. de María Eugenia Cué Navarro. 
250 |a 2a edición 
264 4 |a Barcelona, España :  |b Gustavo Gili,  |c 2002, c1997 
300 |a 208 p. 
336 |a texto  |b txt  |2 rdacontenido 
337 |a sin mediación  |b n  |2 rdamedio 
338 |a volumen  |b nc  |2 rdasoporte 
500 |a Traducción de: Project Management for the Design Professional 
520 |a Contenido: El director de proyectos eficaz; La planificación del proyecto; La elaboración del calendario del proyecto; Cómo determinar el presupuesto del proyecto; El seguimiento y control de programas y presupuestos; La planificación de los recursos humanos y de la dotación de personal; Cómo dirigir el equipo de proyecto; La gestión del tiempo: la clave para manejar varios proyectos; Marketing eficaz para el director de proyectos; El papel del director de proyectos en la negociación de contratos; Gestionando el CAAD; La gestión financiera para directores de proyectos. 
649 |a XX 
650 |a Administración de Obras 
650 |a Administración de Proyectos 
650 |a Planeación Administrativa 
650 |a Planeación Estratégica 
650 |a Presupuesto -  |x Administración 
650 |a Trabajo en Equipo 
650 |a Contratos Laborales 
650 |a Recursos Humanos -  |x Dirección 
650 |a Recursos Humanos -  |x Dirección 
650 |a Negociación y Mediación 
650 |a Uso del Tiempo 
650 |a Control Administrativo 
650 |a Mercadotecnia 
650 |a Proceso Administrativo -  |x Dirección 
650 |a Arquitectura 
650 |a Ingeniería Civil 
700 |a Stasiowksi, Frank  |e (autor) 
700 |a Ruano, Miguel  |e (prólogo) 
910 |a Fondo General 
920 |a Impresos - Libros 
930 |a Colección General 
905 |a 101 
901 |a 0500117592  |b IT1  |c ACC  |u 20250521 
902 |a https://opac.biblio.iteso.mx/vufind/Record/000178306